IC Op-Amp Cookbook /

En este libro el autor nos presenta un estado del arte de la teoría del Amplicador Operacional de Circuitos Integrados.

Tallennettuna:
Bibliografiset tiedot
Päätekijä: Jung, Walter G. (autor)
Aineistotyyppi: Kirja
Kieli:englanti
Painos:3a edición
Aiheet:
Tagit: Lisää tagi
Ei tageja, Lisää ensimmäinen tagi!

MARC

LEADER 00000nam^a2200000^a^4500
001 000035865
005 20250521000000.0
009 20260310085328.545
020 |a 0-672-22453-4 
037 |a Acervo ITESO - Biblioteca 
041 |a ING 
082 |a 621. 38173  |b JUN 
100 |a Jung, Walter G.  |e (autor) 
245 1 0 |a IC Op-Amp Cookbook /  |c W.G. Jung. 
250 |a 3a edición 
264 |a Carmel, EUA :  |b Sams,  |c 1986 
300 |a 581 p. 
336 |a texto  |b txt  |2 rdacontenido 
337 |a sin mediación  |b n  |2 rdamedio 
338 |a volumen  |b nc  |2 rdasoporte 
520 |a En este libro el autor nos presenta un estado del arte de la teoría del Amplicador Operacional de Circuitos Integrados. 
649 |a XX 
650 |a Ingeniería Electrónica 
650 |a Circuitos Electrónicos 
650 |a Amplificadores Operacionales 
910 |a Fondo General 
920 |a Impresos - Libros 
930 |a Colección General 
905 |a 101 
901 |a 0358650100  |b IT1  |c ACC  |i 035865  |u 20250521 
902 |a https://opac.biblio.iteso.mx/vufind/Record/000035865